书目信息 |
| 题名: |
地铁与城市
|
|
| 作者: | 李兆友 , 王健 主编 | |
| 分册: | ||
| 出版信息: | 沈阳 东北大学出版社 2009.03 |
|
| 页数: | 154页 | |
| 开本: | 23cm | |
| 丛书名: | ||
| 单 册: | ||
| 中图分类: | U231 | |
| 科图分类: | ||
| 主题词: | 地下铁道--di xia tie dao--研究 | |
| 电子资源: | ||
| ISBN: | 978-7-81102-670-2 | |
| 000 | 00930nam0 2200277 450 | |
| 001 | 012010829107 | |
| 005 | 20100514130046.23 | |
| 010 | @a978-7-81102-670-2@dCNY20.00 | |
| 100 | @a20100427d2009 em y0chiy0120 ea | |
| 101 | 0 | @achi |
| 102 | @aCN@b210000 | |
| 105 | @aak a 000yy | |
| 106 | @ar | |
| 200 | 1 | @a地铁与城市@Adi tie yu cheng shi@f李兆友, 王健主编@Fli zhao you,wang jian zhu bian |
| 210 | @a沈阳@c东北大学出版社@d2009.03 | |
| 215 | @a154页@c图@d23cm | |
| 312 | @a英文并列题名取自封面 | |
| 320 | @a有书目 (第149-152页) | |
| 330 | @a本书内容包括:城市发展与交通沿革、地铁及其无限商机、地铁与城市产业链重塑、地铁与城市可持续发展、我国地铁发展的理性思考等八章。 | |
| 510 | 1 | @aSubway and city@zeng |
| 606 | 0 | @a地下铁道@Adi xia tie dao@x研究 |
| 690 | @aU231@v4 | |
| 701 | 0 | @a李兆友@Ali zhao you@4主编 |
| 701 | 0 | @a王健@Awang jian@4主编 |
| 801 | 0 | @aCN@bQSSK@c20100514 |
| 905 | @b779054-56@dU231@eL338@f3 | |
| 地铁与城市/李兆友, 王健主编.-沈阳:东北大学出版社,2009.03 |
| 154页:图;23cm |
| ISBN 978-7-81102-670-2:CNY20.00 |
| 本书内容包括:城市发展与交通沿革、地铁及其无限商机、地铁与城市产业链重塑、地铁与城市可持续发展、我国地铁发展的理性思考等八章。 |
| ● |
| 相关链接 |
|
|
|
正题名:地铁与城市
索取号:U231/L338
 
预约/预借
| 序号 | 登录号 | 条形码 | 馆藏地/架位号 | 状态 | 备注 |
| 1 | 779054 | 207790540 | 自科库501/501自科库 49排5列5层/ [索取号:U231/L338] | 在馆 | |
| 2 | 779055 | 207790559 | 土木与交通工程学院资料室/201建筑库 46排7列3层/ [索取号:U231/L338] | 在馆 | |
| 3 | 779056 | 207790568 | 自科库501/501自科库 49排5列5层/ [索取号:U231/L338] | 在馆 |